000 00640nam a2200229Ia 4500
003 OSt
005 20220918191832.0
006 a|||||r|||| 00| 0
007 ta
008 220917b |||||||| |||| 00| 0 eng d
024 _a65,343
037 _cTextual
040 _aARTS
_cARTS
_beng
041 _2eng
_aeng
082 _aQ8451v45:N5, K3
100 _aDhalla Maneckji Nusservanji
_977318
245 0 _aHistory of Zoroastrianism
260 _aBomay
_bK R Cama Oriental Institute India
_c1963
650 _aRELIGION
942 _hQ8451v45:N5, K3
_cTEXL
_2CC
999 _c191592
_d191592